000 02247nam a2200337 i 4500
001 991061727883106706
003 ES-BaIT
005 20260227082609.0
008 260227e202502 fr r 000 d fre c
020 _a9782749816845
040 _aES-BaIT
_bcat
_erda
_cES-BaIT
080 _a840-2"19"
100 1 _aCalbérac, Ivan,
_d1970-
_eautor
_9168737
245 1 0 _aLike /
_cIvan Calbérac
264 1 _aParis :
_bL'avant-scène théâtre,
_cfévrier 2025
300 _a78 pàgines ;
_c21 cm
336 _atext
_btxt
_2rdacontent
337 _asense mediació
_bn
_2rdamedia
338 _avolum
_bnc
_2rdacarrier
490 1 _aL'Avant-scène théatre ;
_vno 1572
500 _aP10: D1, H9 i altres en P3: D1, H2
500 _aPublicat com no 1572 (février 2025) de la revista L'Avant-scène théâtre
500 _aEstrena en el Théâtre des Béliers (Avignon), el 6 de juliol de 2024
520 _a"Prof de yoga timide, terrorisée à l'idée de poster une photo d'elle sur les résaux sociaux, Lou se retrouve contraite d'y créer un profil afin de faire grossir les rangs de ses cours. Contre toute attente, elle prend goût à cette nouvelle vie virtuelle et n'hésite pas à tout mettre en uvre pour répondre aux normes de cet univers. Elle se lance alors dans une course frénétique aux likes qui va bouleverser sa vie et celle de son couple. Le comique et le tragique s'enchaînent : jusqu'où peut-on aller pour conserver l'attention volatile mais si réconfortante de followers inconnus?. Après les triomphes de La Dégustation (quatre nominations et Molière de la meilleure comédie) et de Glenn, naissance d'un prodige (six nominations et deux Molières, dont Lison Pennec en Révélation Féminine), la nouvelle création d'Ivan Calbérac entraîne le lecteur et le spectateur dans l'histoire d'un couple plein d'espoirs mais en prise avec ses déséquilibres intérieurs, entre narcissisme, addiction et paranoïa - les grands fléaux de notre société contemporaine?"-- Contracoberta
650 0 _aXarxes socials
_vTextos dramàtics
_9168738
650 0 _aParelles
_vTextos dramàtics
_9168181
830 _aAvant-scène.
_pThéâtre
_vno 1572
_9168170
908 _aCDMAE
940 _aCDMAE
942 _2udc
_c1
999 _c137161
_d137161